Central Library OPAC University of Rajshahi

A guide to Islam / (Record no. 57676)

MARC details
000 -LEADER
fixed length control field 00601nam a2200217 a 4500
001 - CONTROL NUMBER
control field 57676
003 - CONTROL NUMBER IDENTIFIER
rucl marc code BD-RjUL
005 - DATE AND TIME OF LATEST TRANSACTION
control field 20211209080536.0
008 - FIXED-LENGTH DATA ELEMENTS--GENERAL INFORMATION
fixed length control field 181004s1951 uk 000 0 eng d
035 ## - SYSTEM CONTROL NUMBER
System control number (BD-RjUL)57800
040 ## - CATALOGING SOURCE
Original cataloging agency DLC
Transcribing agency MOG
Modifying agency UKM
-- EQO
-- BD-RjUL
Language of cataloging eng
041 ## - LANGUAGE CODE
Language code of text/sound track or separate title eng
082 ## - DEWEY DECIMAL CLASSIFICATION NUMBER
Classification number 297
Edition number 23
Author mark and year NIG 1951
100 1# - MAIN ENTRY--PERSONAL NAME
Personal name Nicolson, Angus.
9 (RLIN) 223255
245 12 - TITLE STATEMENT
Title A guide to Islam /
Statement of responsibility, etc. by Rev. Angus Nicolson
260 ## - PUBLICATION, DISTRIBUTION, ETC. (IMPRINT)
Place of publication, distribution, etc. [Great Britain] :
Name of publisher, distributor, etc. Stirling Tract Enterprise,
Date of publication, distribution, etc. [1951]
300 ## - PHYSICAL DESCRIPTION
Pagination 79 p. :
Illustrations ill. ;
Size 19 cm
650 #0 - SUBJECT ADDED ENTRY--TOPICAL TERM
Topical term or geographic name as entry element Islam
9 (RLIN) 223256
942 ## - ADDED ENTRY ELEMENTS (KOHA)
Source of classification or shelving scheme Dewey Decimal Classification
Koha item type Rare Books
Holdings
Lost status Source of classification or shelving scheme Damaged status Not for loan Collection code Permanent Location Current Location Shelving location Date acquired Total Checkouts Full call number Date last seen Copy number Koha item type
  Dewey Decimal Classification   Not For Loan Rare Books Central Library, University of Rajshahi Central Library, University of Rajshahi Rare Book Section 04/10/2018   RA 297 NIG 1951 04/10/2018 C-1 Rare Books